| 000 | 00652nam a2200193Ia 4500 | ||
|---|---|---|---|
| 005 | 20250508170254.0 | ||
| 008 | 008 250505s9999 xx 000 0 hin d | ||
| 037 | _aDissertations | ||
| 040 |
_aFEDL _beng _cFEDL |
||
| 041 |
_ahin _2eng |
||
| 084 |
_a376.63, RIM/DI _qFEDL |
||
| 100 |
_aRimpi Devi _9783696 |
||
| 245 | 0 | _aHaryana ke varishtth madhyamik vidyalaye mein adhyayanrat balikaon ka mahila sashakteekaran ke prati jagrukta ka samalochanatmak adhyayan | |
| 260 | _c2023 | ||
| 300 | _a112p. | ||
| 546 | _aM. Phil Dissertation (Delhi University); C D Included | ||
| 942 |
_cDIS _h376.63, RIM/DI |
||
| 999 |
_c1400138 _d1400138 |
||